An assessment of heavy metals contamination of soils and vegetation near an agrotechnical farm from area Timis
The objective of the study was the determination of the trace metal (Fe, Cr, Zn, Pb) status of soils and vegetables in the vicinity of a livestock (cattle, piggery, sheep and goat and poultry sections) using atomic absorption, spectrophotometry. Vegetable samples taken within the vicinity showed 0.8...
Elmentve itt :
| Szerzők: | |
|---|---|
| Testületi szerző: | |
| Dokumentumtípus: | Könyv része |
| Megjelent: |
SZAB
Szeged
2012
|
| Sorozat: | Proceedings of the International Symposium on Analytical and Environmental Problems
17 |
| Kulcsszavak: | Nehézfémek - erdei talaj, Környezetszennyezés - talaj |
| Tárgyszavak: | |
| Online Access: | http://acta.bibl.u-szeged.hu/76401 |
| LEADER | 01834naa a2200253 i 4500 | ||
|---|---|---|---|
| 001 | acta76401 | ||
| 005 | 20220822102332.0 | ||
| 008 | 220809s2012 hu o 1|| eng d | ||
| 020 | |a 978-963-315-066-5 | ||
| 040 | |a SZTE Egyetemi Kiadványok Repozitórium |b hun | ||
| 041 | |a eng | ||
| 100 | 1 | |a Ionescu Daniela | |
| 245 | 1 | 3 | |a An assessment of heavy metals contamination of soils and vegetation near an agrotechnical farm from area Timis |h [elektronikus dokumentum] / |c Ionescu Daniela |
| 260 | |a SZAB |b Szeged |c 2012 | ||
| 300 | |a 108-111 | ||
| 490 | 0 | |a Proceedings of the International Symposium on Analytical and Environmental Problems |v 17 | |
| 520 | 3 | |a The objective of the study was the determination of the trace metal (Fe, Cr, Zn, Pb) status of soils and vegetables in the vicinity of a livestock (cattle, piggery, sheep and goat and poultry sections) using atomic absorption, spectrophotometry. Vegetable samples taken within the vicinity showed 0.85-0.190 mgkg A Fe, 0.356-0.549 mgkg' 1 Zn,0.005-0.432 mgkg' 1 Cr and 0.017-0.029 mgkg' 1 Pb. Analytical results indicated that soils and vegetables values were below the WHO critical toxic levels. Statistically, there were significant correlations between trace metals concentrations of the test and control samples. The levels of trace metals were not considered to be toxic for human and animal uses. | |
| 650 | 4 | |a Természettudományok | |
| 650 | 4 | |a Föld- és kapcsolódó környezettudományok | |
| 695 | |a Nehézfémek - erdei talaj, Környezetszennyezés - talaj | ||
| 700 | 0 | 2 | |a Funar-Timofei Simona |e aut |
| 700 | 0 | 2 | |a Dehelean Cristina |e aut |
| 711 | |a International Symposium on Analytical and Environmental Problems (17.) (2011) (Szeged) |c Szeged |d 2011. szeptember 19. | ||
| 856 | 4 | 0 | |u http://acta.bibl.u-szeged.hu/76401/1/proceedings_of_isaep_2011_108-111.pdf |z Dokumentum-elérés |